000
00479nam a2200181Ia 4500
008
090123s9999 xx 000 0 und d
082
_b
3016
_a
891.463/कदम
100
_a
कदम बाबा
245
_a
सन्ना
250
_a
1
260
_b
"रंजना,कनकेश्वर"
300
_a
306
600
_a
कदम बाबा
630
_a
सन्ना
700
_a
कदम बाबा
730
_a
सन्ना
942
_c
BOOK
999
_c
41096
_d
41096